Gouvernement de la Ve République par durée - Statistiques

Statistiques générales
  • Ce quiz a été pris 33 fois
  • Le résultat moyen est 31 sur 47
Statistiques - réponses
Durée Dates Gouvernement % Correct
4 ans, 11 mois et 4 jours 2 juin 1997 - 6 mai 2002 Lionel Jospin
93%
3 ans, 4 mois et 25 jours 19 juin 2007 - 13 novembre 2010 François Fillon 2
87%
3 ans et 14 jours 21 juin 2017 - 3 juillet 2020 Edouard Philippe 2
83%
3 mois et 8 jours 5 septembre 2024 - 13 décembre 2024 Michel Barnier
83%
1 an, 7 mois et 14 jours 16 mai 2022 - 9 janvier 2024 Elisabeth Borne
80%
8 mois et 27 jours 13 décembre 2024 - 9 septembre 2025 François Bayrou
80%
2 ans, 3 mois et 10 jours 26 août 2014 - 6 décembre 2016 Manuel Valls 2
80%
28 jours 9 septembre 2025 - 6 octobre 2025 Sébastien Lecornu
80%
1 an, 11 mois et 16 jours 31 mai 2005 - 15 mai 2007 Dominique de Villepin
77%
2 ans, 1 mois et 20 jours 20 mars 1986 - 10 mai 1988 Jacques Chirac 2
77%
1 an, 10 mois et 13 jours 3 juillet 2020 - 16 mai 2022 Jean Castex
77%
1 mois et 2 jours 16 mai 2007 - 18 juin 2007 François Fillon 1
73%
1 an, 6 mois et 1 jour 14 novembre 2010 - 10 mai 2012 François Fillon 3
73%
1 an, 6 mois et 18 jours 7 novembre 1995 - 2 juin 1997 Alain Juppé 2
70%
5 mois et 9 jours 6 décembre 2016 - 10 mai 2017 Bernard Cazeneuve
70%
10 mois et 18 jours 15 mai 1991 - 2 avril 1992 Edith Cresson
70%
3 ans, 1 mois et 11 jours 28 novembre 1962 - 8 janvier 1966 Georges Pompidou 2
70%
1 an, 9 mois et 10 jours 21 juin 2012 - 31 mars 2014 Jean-Marc Ayrault 2
70%
5 mois et 18 jours 18 mai 1995 - 7 novembre 1995 Alain Juppé 1
67%
2 ans, 1 mois et 18 jours 29 mars 1993 - 11 mai 1995 Edouard Balladur
67%
1 mois et 4 jours 16 mai 2017 - 19 juin 2017 Edouard Philippe 1
67%
2 ans et 3 mois 27 mai 1974 - 25 août 1976 Jacques Chirac 1
67%
4 mois et 25 jours 31 mars 2014 - 25 août 2014 Manuel Valls 1
67%
3 ans, 3 mois et 6 jours 9 janvier 1959 - 14 avril 1962 Michel Debré
67%
2 ans, 10 mois et 17 jours 23 juin 1988 - 15 mai 1991 Michel Rocard 2
67%
1 an, 8 mois et 27 jours 23 juin 1981 - 23 mars 1983 Pierre Mauroy 2
67%
7 mois et 27 jours 9 janvier 2005 - 5 septembre 2024 Gabriel Attal
63%
7 mois et 14 jours 14 avril 1962 - 28 novembre 1962 Georges Pompidou 1
63%
1 mois et 3 jours 15 mai 2012 - 18 juin 2012 Jean-Marc Ayrault 1
63%
1 an, 9 mois et 13 jours 17 juin 2002 - 30 mars 2004 Jean-Pierre Raffarin 2
63%
3 ans, 1 mois et 16 jours 5 avril 1978 - 13 mai 1981 Raymond Barre 3
63%
1 an, 2 mois et 30 jours 8 janvier 1966 - 7 avril 1967 Georges Pompidou 3
60%
1 an, 3 mois et 3 jours 8 avril 1967 - 10 juillet 1968 Georges Pompidou 4
60%
1 mois et 11 jours 7 mai 2002 - 17 juin 2002 Jean-Pierre Raffarin 1
60%
1 an, 2 mois et 1 jour 31 mars 2004 - 31 mai 2005 Jean-Pierre Raffarin 3
60%
1 mois et 18 jours 10 mai 1988 - 22 juin 1988 Michel Rocard 1
60%
3 ans et 15 jours 20 juin 1969 - 5 juillet 1972 Jacques Chaban-Delmas
57%
1 an, 8 mois et 3 jours 17 juillet 1984 - 20 mars 1986 Laurent Fabius
57%
1 mois et 2 jours 21 mai 81 - 23 juin 1981 Pierre Mauroy 1
57%
11 mois et 27 jours 2 avril 1992 - 29 mars 1993 Pierre Bérégovoy
53%
1 an et 6 jours 30 mars 1977 - 1 avril 1978 Raymond Barre
53%
7 mois et 5 jours 27 août 1976 - 30 mars 1977 Raymond Barre 1
53%
1 an, 3 mois et 25 jours 23 mars 1983 - 17 juillet 1984 Pierre Mauroy 3
50%
11 mois et 10 jours 10 juillet 1968 - 20 juin 1969 Maurice Couve de Murville
47%
10 mois et 25 jours 5 avril 1973 - 27 février 1974 Pierre Messmer 2
47%
3 mois 27 février 1974 - 27 mai 1974 Pierre Messmer 2
47%
8 mois et 28 jours 6 juillet 1972 - 5 avril 1973 Pierre Messmer 1
40%
Aucun quiz correspondant
Distribution des résultats
% des personnes avec chaque résultat
Percentile par nombre de réponses
Votre historique - résultats
Vous n’avez pas pris ce quiz